000 00351nam a2200133Ia 4500
008 240624s9999 xx 000 0 und d
041 _aeng
082 _a651 GAD
100 _aGADKARI S S
245 _aOFFICE MANAGEMENT FOR PUBLIC ADMINISTRAT
260 _c1997
_aNew Delhi
_bConcept Publication Delhi
300 _a184 : p. : cm. ; 20
365 _cRS
999 _c22688
_d22688